000 00890nam a2200229 a 4500
008 120416s1990 ||||||||||||||||| || u
020 _a0060165073
050 _aHD 62.6 Dru
100 _aDrucker, Peter Ferdinand, 1909-
245 1 0 _aManaging the non-profit organization
246 _apractices and principles
250 _a1st ed.
260 _aNew Delhi
_bS. G. Wasani
_c1990
300 _axix, 235p. : ill
350 _a0.00
500 _aIncludes index.
650 0 _aMANAGEMENT
650 _aNONPROFIT ORGANIZATIONS--MANAGEMENT
650 _aTEXTBOOKS
995 _aANNEX COLLECTION (Main Library)
_D0.00
_e727147
_FCBU-MAIN LIBRARY (Kitwe)
_H1
_I55.00
_jHD 62.6 Dru
_M1
_UAVAILABLE
_y018428
_ZAnnex Low-Usage Collection
995 _aANNEX COLLECTION (Main Library)
_D0.00
_e727148
_FCBU-MAIN LIBRARY (Kitwe)
_H2
_I55.00
_jHD 62.6 Dru
_M2
_UAVAILABLE
_y018429
_ZAnnex Low-Usage Collection
999 _c82577
_d82577